000 00623nam a2200229Ia 4500
003 OSt
005 20220928120809.0
006 a|||||r|||| 00| 0
007 ta
008 220927b |||||||| |||| 00| 0 eng d
024 _a27540
037 _cTextual
040 _aSDCL
_cSDCL
_beng
041 _2eng
_aeng
082 _aV2y7M66, L7
100 _aNanda B R
_9402791
245 0 _aGokhle
_b The Indian moderates and the British Raj
260 _aLondon
_bOxford University Press
_c1977
300 _axii,520p
_ccm.
942 _hV2y7M66, L7
_cTEXL
_2CC
999 _c765286
_d765286